| 000 | 00453nmm a2200157Ia 4500 | ||
|---|---|---|---|
| 008 | 251105s9999||||xx |||||||||||||||||und|| | ||
| 020 | _a9788496576124 | ||
| 041 | _aspa | ||
| 100 | _aPalacios, Jesús (ed.) | ||
| 245 | 0 |
_aEuro Noir : _b Serie Negra con sabor europeo |
|
| 264 |
_a[Madrid, España] : _bT&B Editores, _c2004 |
||
| 300 | _a432 páginas | ||
| 650 | _aFilm studies | ||
| 856 | _uhttps://public.digitaliapublishing.com/a/448 | ||
| 942 | _cCF | ||
| 999 |
_c89967 _d89967 |
||